<?xml version="1.0" encoding="UTF-8"?><?xml-stylesheet type="text/xsl" href="static/style.xsl"?><OAI-PMH xmlns="http://www.openarchives.org/OAI/2.0/" xmlns:xsi="http://www.w3.org/2001/XMLSchema-instance" xsi:schemaLocation="http://www.openarchives.org/OAI/2.0/ http://www.openarchives.org/OAI/2.0/OAI-PMH.xsd"><responseDate>2026-04-14T05:37:07Z</responseDate><request verb="GetRecord" identifier="oai:www.recercat.cat:20.500.14342/5626" metadataPrefix="marc">https://recercat.cat/oai/request</request><GetRecord><record><header><identifier>oai:recercat.cat:20.500.14342/5626</identifier><datestamp>2025-11-09T14:56:38Z</datestamp><setSpec>com_2072_482405</setSpec><setSpec>com_2072_183628</setSpec><setSpec>col_2072_482410</setSpec></header><metadata><record xmlns="http://www.loc.gov/MARC21/slim" xmlns:dcterms="http://purl.org/dc/terms/" xmlns:xsi="http://www.w3.org/2001/XMLSchema-instance" xmlns:doc="http://www.lyncode.com/xoai" xsi:schemaLocation="http://www.loc.gov/MARC21/slim http://www.loc.gov/standards/marcxml/schema/MARC21slim.xsd">
   <leader>00925njm 22002777a 4500</leader>
   <datafield ind2=" " ind1=" " tag="042">
      <subfield code="a">dc</subfield>
   </datafield>
   <datafield ind2=" " ind1=" " tag="720">
      <subfield code="a">Casals, Xavier</subfield>
      <subfield code="e">author</subfield>
   </datafield>
   <datafield ind2=" " ind1=" " tag="720">
      <subfield code="a">Pich Mitjana, Josep</subfield>
      <subfield code="e">author</subfield>
   </datafield>
   <datafield ind2=" " ind1=" " tag="260">
      <subfield code="c">2025</subfield>
   </datafield>
   <datafield ind2=" " ind1=" " tag="520">
      <subfield code="a">Este  artículo  analiza  la  creación  simultánea  de  la  Liga  Patriótica  Española (LPE) y la Unión Monárquica Nacional (UMN) en Barcelona entre  fines  de  1918  e  inicios  de  1919  y  sus  vínculos.  La  LPE  fue  un  grupo  nacionalista  español  apartidista  violento  y  la  UMN  fue  un  par-tido de aristócratas partidarios de Alfonso XIII. Ambas organizaciones encarnaron  la  respuesta  del  españolismo  más  belicoso  a  la  campaña  que  reclamaba  autonomía  para  Cataluña.  La  UMN  quiso  controlar  a  la LPE para liderar el conjunto del españolismo y su proyecto fracasó, pero  marcó  el  desarrollo  posterior  del  españolismo  barcelonés.</subfield>
   </datafield>
   <datafield ind2=" " ind1=" " tag="520">
      <subfield code="a">This article analyses the simultaneous creation of the Spanish Pa-triotic  League  (LPE)  and  the  National  Monarchist  Union  (UMN)  in  Barcelona  between  the  end  of  1918  and  the  beginning  of  1919  and  their links. The LPE was a non-partisan Spanish nationalist group and the  UMN  was  a  party  of  aristocratic  supporters  of  Alfonso  XIII.  Both  organisations  embodied  the  response  of  the  bellicose  radical  Spanish  nationalism  or  «Spanishism»  to  the  campaign  demanding  autonomy  for Catalonia. In this framework, the UMN wanted to control the LPE in  order  to  lead  Spanish  nationalism  as  a  whole.  Although  this  project.</subfield>
   </datafield>
   <datafield ind1="8" ind2=" " tag="024">
      <subfield code="a">http://hdl.handle.net/20.500.14342/5626</subfield>
   </datafield>
   <datafield ind1="8" ind2=" " tag="024">
      <subfield code="a">https://doi.org/10.55509/ayer/2229</subfield>
   </datafield>
   <datafield tag="653" ind2=" " ind1=" ">
      <subfield code="a">Nacionalisme espanyol</subfield>
   </datafield>
   <datafield tag="653" ind2=" " ind1=" ">
      <subfield code="a">Mancomunitat de Catalunya</subfield>
   </datafield>
   <datafield tag="653" ind2=" " ind1=" ">
      <subfield code="a">Liga Patriótica Española</subfield>
   </datafield>
   <datafield tag="653" ind2=" " ind1=" ">
      <subfield code="a">Unión Monárquica Nacional</subfield>
   </datafield>
   <datafield ind2="0" ind1="0" tag="245">
      <subfield code="a">La unión fallida del españolismo barcelonés. La Liga Patriótica Española y la Unión Monárquica Nacional (1918-1919)</subfield>
   </datafield>
</record></metadata></record></GetRecord></OAI-PMH>